Kanały telewizji Polsat - Statystyki

Ogólne statystyki
  • Ten quiz został rozwiązany 186 razy
  • Średni wynik to 13 z 29
Statystyki odpowiedzi
Kanał % Poprawnych
Polsat
98%
Polsat Sport
91%
Polsat 2
85%
Polsat News
83%
Polsat Cafe
63%
Polsat Film
61%
Polsat Play
58%
Polsat Seriale
58%
Super Polsat
57%
TV4
57%
Polsat News 2
55%
Polsat Sport Extra
52%
TV6
52%
Polsat Sport News
51%
Polsat Games
47%
Polsat Sport Premium
45%
Polsat Doku
43%
Polsat Rodzina
39%
Polsat Sport Fight
37%
Polsat Music
36%
Polsat News Polityka
31%
Wydarzenia 24
31%
Disco Polo Music
21%
Polsat Biznes
18%
Polsat Romans
14%
Polsat Zdrowie i Uroda
12%
Muzo.tv
8%
TV Biznes
6%
Teleuniwersytet
3%
Nie znaleziono quizów pasujących do podanych kryteriów
Rozkład punktacji
Procent ludzi z każdym wynikiem
Percentyl według liczby udzielonych odpowiedzi
Twoja historia wyników
Nie rozwiązałeś tego quizu